Mathématiques par lettre - L - Statistiques

Statistiques générales
  • Ce quiz a été pris 361 fois
  • Le résultat moyen est 9 sur 15
Statistiques - réponses
Hint Réponse % Correct
Coordonnées géographiques ouest-est Longitude
93%
Coordonnées géographiques sud-nord Latitude
88%
Quadrilatère dont les quatre cotés ont même longueur et dont les diagonales sont perpendiculaires Losange
88%
Distance entre deux points Longueur
84%
Plus petite dimension du rectangle Largeur
78%
f(x) = ax Linéaire
76%
Onzième lettre de l'alphabet grec Lambda
71%
Nombre y tel que a^y = x Logarithme
67%
Valeur telle que l'écart entre cette valeur et la fonction est arbitrairement petite Limite
65%
Proposition déduite d'un ou plusieurs postulats dont la démonstration prépare celle d'un théorème Lemme
58%
Calcul où les nombres sont remplacés par des lettres Littéral
52%
Science du raisonnement dans l'abstrait Logique
47%
Opérateur différentiel du deuxième degré Laplacien
32%
Notations utilisées pour la comparaison asymptotique Landau
12%
Ensemble de points vérifiant une propriété géométrique donnée Lieu
8%
Aucun quiz correspondant
Distribution des résultats
% des personnes avec chaque résultat
Percentile par nombre de réponses
Votre historique - résultats
Vous n’avez pas pris ce quiz